书目信息 |
| 题名: |
全国通用通风管道计算表
|
|
| 作者: | ;北京市设备安装工程公司 编 | |
| 分册: | ||
| 出版信息: | 北京 中国建筑工业出版社 1977 |
|
| 页数: | 204页 | |
| 开本: | 26cm | |
| 丛书名: | ||
| 单 册: | ||
| 中图分类: | TU834 | |
| 科图分类: | ||
| 主题词: | 通风管道--计算--表解 | |
| 电子资源: | ||
| ISBN: | ||
| 000 | 00675nam0 2200217 45 | |
| 001 | 0177002610 | |
| 005 | 20061127104003.25 | |
| 010 | @dCNY1.20 | |
| 100 | @a19951024d1977 em y0chiy0121 ea | |
| 101 | 0 | @achi |
| 102 | @aCN@b110000 | |
| 105 | @aa z 000yy | |
| 200 | 10 | @a全国通用通风管道计算表@Aquan guo tong yong tong feng guan dao ji suan biao@f北京市设备安装工程公司等编 |
| 210 | @a北京@c中国建筑工业出版社@d1977 | |
| 215 | @a204页@d26cm | |
| 606 | @a通风管道@x计算@x表解 | |
| 690 | @aTU834@v3 | |
| 711 | 02 | @a北京市设备安装工程公司@Abei jing shi she bei an zhuang gong cheng gong si@4编 |
| 801 | 2 | @aCN@bNLC@c20061127 |
| 801 | 0 | @aCN@bTSSF |
| 905 | @a10447@dTU834@e87 | |
| 全国通用通风管道计算表/北京市设备安装工程公司等编.-北京:中国建筑工业出版社,1977 |
| 204页;26cm |
| ISBN :CNY1.20 |
| ● |
| 相关链接 |
|
|
|
|
正题名:全国通用通风管道计算表
索取号:TU834/87
 
预约/预借
| 序号 | 登录号 | 条形码 | 馆藏地/架位号 | 状态 | 备注 |
| 1 | 0125622 | 001485235 | 第二样本阅览室/ [索取号:TU834/87] | 在馆 |